गीत संजीवनी: छंदबद्ध गीतों का संग्रह / (Record no. 197601)

MARC details
000 -LEADER
fixed length control field 00821nam a22002057a 4500
005 - DATE AND TIME OF LATEST TRANSACTION
control field 20241217150021.0
010 ## - LCCN (DPL NO)
LC control number HIN-125682
020 ## - INTERNATIONAL STANDARD BOOK NUMBER
Terms of availability 200.00
International Standard Book Number 9789358908749
035 ## - SYSTEM CONTROL NUMBER
System control number HN-98028
037 ## - SOURCE OF ACQUISITION
Source of stock number/acquisition DBAD/PUB
082 ## - DEWEY DECIMAL CLASSIFICATION NUMBER
Classification number 821
100 ## - MAIN ENTRY--PERSONAL NAME
Personal name भट्ट, गोपाल कृष्ण
245 ## - TITLE STATEMENT
Title गीत संजीवनी: छंदबद्ध गीतों का संग्रह /
Statement of responsibility, etc गोपाल कृष्ण भट्ट
260 ## - PUBLICATION, DISTRIBUTION, ETC. (IMPRINT)
Name of publisher, distributor, etc गोपाल कृष्ण भट्ट
Date of publication, distribution, etc 2023
Place of publication, distribution, etc कोटा
270 ## - ADDRESS
Address 817 महावीर नगर ii कोटा
City राजस्थान
Postal code 324005
300 ## - PHYSICAL DESCRIPTION
Extent 120पृ.
Dimensions 23 सेमी(सजिल्द )
650 ## - SUBJECT ADDED ENTRY--TOPICAL TERM
General subdivision
Geographic subdivision
650 ## - SUBJECT ADDED ENTRY--TOPICAL TERM
Form subdivision
942 ## - ADDED ENTRY ELEMENTS (KOHA)
Source of classification or shelving scheme Dewey Decimal Classification
Item type Hindi Books
Classification part 821
Call number suffix भट्टग
Holdings
Withdrawn status Lost status Not for loan Collection code Home library Current library Date acquired Source of acquisition Cost, normal purchase price Full call number Barcode Copy number Cost, replacement price Koha item type
      Non-fiction Bawana Bawana 28/08/2023 DBAD 200.00 821 भट्टग HN-98028 1 200.00 Hindi Books

© Delhi Public Library
Hit Counter
free hit counter